Pays les plus méridionaux A-Z - Statistiques

Statistiques générales
  • Ce quiz a été pris 30 713 fois
    30 539 depuis la dernière actualisation
  • Le résultat moyen est 13 sur 24
Statistiques - réponses
Lettre Pays % Correct
A Argentine
96%
C Chili
80%
Z Zimbabwe
74%
U Uruguay
69%
Y Yémen
69%
B Brésil
68%
F France (Kerguelen)
63%
Q Qatar
63%
V Vanuatu
56%
E Eswatini
52%
L Lesotho
52%
P Paraguay
51%
I Indonésie
48%
H Honduras
46%
O Ouganda
43%
K Kiribati
42%
T Tonga
41%
M Mozambique
39%
S Samoa
38%
R Royaume-Uni (Île Thule)
36%
J Jamaïque
35%
D Djibouti
32%
G Gabon
31%
N Norvège (L'ile Bouvet)
27%
Aucun quiz correspondant
Distribution des résultats
% des personnes avec chaque résultat
Percentile par nombre de réponses
Votre historique - résultats
Vous n’avez pas pris ce quiz depuis la dernière actualisation